00960nam a2200241 a 450000100100000000500170001000800410002702000150006804000250008308200180010810000450012624500530017125000110022426000460023530000210028149000330030250000680033565000290040365000310043295201160046395201220057999900170070100001994020200929170211.0100709s1993 dr r 000 p spa d a8432204099 aDO-SdBNPbspacBNPHU a861.44bG463p1 aGil de Biedma, Jaime,d1929-1990.91409414aLas personas del verbo / :bJaime Gil de Biedma. a7a ed. aBarcelona :bEditorial Six Barral,c1993. a179 p. ;c20 cm.1 aColección biblioteca breve aIncluye referencia biográfica del autor en la contracubierta. 4aPoesía española9631 4aLiteratura española9632 0010718PDaGRbGRcHDd2010-07-09iLF1l0o861.44 G463pp19940-10r2020-06-25w2020-06-25yLFPDZNo se presta 0011718PDaGRbGRcMId2017-04-04iLF1l0o861.44 G463pp19940-20r2020-06-25te. 2w2020-06-25yLFPDZNo se presta c19453d19453